000 00385nam a2200157Ia 4500
008 210716s2010 xx 000 0 und d
020 _a9788126527571
041 _aeng
082 _a005.3622 MARE
100 _aMarmel, Elaine.
245 _aMicrosoft project 2010 bible.
250 _a1
260 _aNew Delhi
_bWiley India Pvt Ltd
_c2010
300 _axxxi,829
650 _aNone
999 _c191108
_d191108